000 00520nam a2200157Ia 4500
008 090124s9999 xx 000 0 und d
082 _b43644
245 _aSUVICHAR MAUTIKE सुविचार मौतिके
250 _a0
260 _bगाला पब्लिशर्स
300 _a64
630 _aSUVICHAR MAUTIKE सुविचार मौतिके
700 _aतोडकर वासंती
730 _aSUVICHAR MAUTIKE सुविचार मौतिके
942 _cBOOK
999 _c109871
_d109871